000 01087nas a2200361 4500
001 BR0505061
003 BR-BrBNA
005 20231205105644.0
007 ta
008 230509b bl.|||p| |||| 00| 00por d
040 _aBR-BrBNA
_bpor
_cBiblioteca Nacional de Agricultura
041 _a(Pt)
072 _aQ03
100 1 _aJacintho, A.C.B.
100 1 _aMiranda, A.P.Amaral, L.A. do
245 1 _aAvaliação higiênico-sanitária, teores de nitrato, nitrito e cromo em águas de propriedades rurais e suburbanas em Franca, SP, Brasil
650 _aÁGUA
650 _aPOÇO
650 _aCONTROLE DE QUALIDADE
650 _aHIGIENE
650 _aINSPEÇÃO SANITÁRIA
650 _aANÁLISE MICROBIOLÓGICA
650 _aANÁLISE QUÍMICA
650 _aCONTAMINAÇÃO
650 _aCOLIFORME
650 _aNITRATO
650 _aNITRITO
650 _aCROMO
650 _aMINAS GERAIS
773 0 _tHigiene Alimentar (Brazil)
_xISSN 0101-9171
_g(Sep 2005), v. 19(135) p. 92-97
_wBR0505061
909 _a202311
_bLúcia
_c55
_dLúcia Elande
942 _2AGRIS
_n0
_cANA
999 _c183990
_d183990